[Event "79th Tata Steel GpA"]
[Site "Wijk aan Zee NED"]
[Date "2017.01.28"]
[Round "12.1"]
[White "Eljanov, P."]
[Black "Carlsen, M."]
[Result "0-1"]
[WhiteElo "2755"]
[BlackElo "2840"]
[PlyCount "120"]
[EventDate "2017.01.14"]

1. d4 e6 2. c4 f5 3. g3 Nf6 4. Bg2 d5 5. Nf3 Bd6 6. Nc3 c6 7. Bf4 Bxf4 8. gxf4
O-O 9. e3 Bd7 10. Qb3 Qc7 11. O-O Be8 12. Rfc1 Qe7 13. Qa3 Qxa3 14. bxa3 Nbd7
15. Rab1 Rb8 16. a4 a5 17. Rb2 Ne4 18. Nxe4 dxe4 19. Ng5 Rf6 20. f3 h6 21. Nh3
exf3 22. Bxf3 Rf7 23. Nf2 c5 24. Nd3 cxd4 25. exd4 Nf6 26. Nc5 Ne4 27. Nxe6
Bxa4 28. d5 Bd7 29. Bxe4 fxe4 30. Nc5 Bg4 31. Re1 Rc8 32. Nxe4 Rxf4 33. Nd6
Rcf8 34. Rb3 R8f6 35. Ne4 Rg6 36. Rg3 b6 37. d6 Kh7 38. Nf2 Rxc4 39. Nxg4 Rgxg4
40. Rxg4 Rxg4+ 41. Kf2 Rd4 42. Re6 Kg8 43. Ke3 Rd1 44. d7 Rxd7 45. Rxb6 Rd5 46.
Rb2 Kh7 47. Ke4 Rh5 48. Kf4 Rh4+ 49. Kg3 g5 50. Rb7+ Kg6 51. Rb6+ Kh5 52. h3
Ra4 53. Rc6 Ra3+ 54. Kg2 Rxa2+ 55. Kg3 a4 56. Ra6 a3 57. Kf3 Rb2 58. Kg3 a2 59.
Kf3 a1=Q 60. Rxa1 Kh4 0-1

[Event "79th Tata Steel GpA"]
[Site "Wijk aan Zee NED"]
[Date "2017.01.25"]
[Round "10.1"]
[White "Harikrishna, P."]
[Black "Carlsen, M."]
[Result "1/2-1/2"]
[WhiteElo "2766"]
[BlackElo "2840"]
[PlyCount "73"]
[EventDate "2017.01.14"]

1. e4 e5 2. Nf3 Nc6 3. Nc3 Nf6 4. Bb5 Bd6 5. d3 O-O 6. O-O h6 7. a3 Re8 8. h3
Bc5 9. Be3 Nd4 10. Bc4 c6 11. Re1 Nxf3+ 12. Qxf3 Bxe3 13. fxe3 b5 14. Ba2 a5
15. Ne2 d6 16. Ng3 Be6 17. Rf1 d5 18. Rf2 Ra7 19. exd5 cxd5 20. Nf5 Kh7 21. Qg3
Bxf5 22. Rxf5 Rc7 23. c3 b4 24. cxb4 axb4 25. a4 b3 26. Bxb3 Qb8 27. Ra3 e4 28.
Kh2 exd3 29. Bxd5 d2 30. Rd3 Rc2 31. Qxb8 Rxb8 32. b3 Nxd5 33. Rfxd5 d1=Q 34.
Rxd1 Rxb3 35. R5d2 Rxd2 36. Rxd2 Ra3 37. Kg1 1/2-1/2

[Event "79th Tata Steel GpA"]
[Site "Wijk aan Zee NED"]
[Date "2017.01.24"]
[Round "9.1"]
[White "Carlsen, M."]
[Black "Van Wely, L."]
[Result "1-0"]
[WhiteElo "2840"]
[BlackElo "2695"]
[PlyCount "117"]
[EventDate "2017.01.14"]

1. e4 c5 2. Nf3 e6 3. d4 cxd4 4. Nxd4 Nf6 5. Nc3 d6 6. g4 h6 7. Bg2 Nc6 8. h3
g5 9. Nxc6 bxc6 10. e5 Nd5 11. exd6 Qxd6 12. O-O Ba6 13. Re1 Be7 14. Ne4 Qc7
15. c4 Nb4 16. b3 Rd8 17. Qf3 Nd3 18. Rd1 Nxc1 19. Raxc1 Qf4 20. Rxd8+ Bxd8 21.
Qxf4 gxf4 22. Nc5 Bc8 23. Bxc6+ Ke7 24. Bf3 Bb6 25. Nd3 Rd8 26. Nb4 Bd7 27. c5
Ba5 28. Rc4 Rc8 29. c6 Bxb4 30. Rxb4 Bxc6 31. Bxc6 Rxc6 32. Rxf4 a5 33. Kg2 Rc5
34. h4 Rd5 35. Kf3 f6 36. Ke3 h5 37. f3 hxg4 38. fxg4 Rd1 39. Ra4 Re1+ 40. Kf3
Re5 41. Rc4 Rd5 42. h5 Rd2 43. Ra4 Rd5 44. Ke3 Rg5 45. Rc4 Kd6 46. Kf4 Rd5 47.
Rc8 Rd4+ 48. Kg3 Kd7 49. Ra8 Rd3+ 50. Kg2 Rd2+ 51. Kf3 Rd3+ 52. Ke4 Rh3 53.
Rxa5 e5 54. Kf5 Rf3+ 55. Kg6 e4 56. h6 e3 57. h7 Rh3 58. Ra7+ Kd6 59. Ra8 1-0

[Event "79th Tata Steel GpA"]
[Site "Wijk aan Zee NED"]
[Date "2017.01.22"]
[Round "8.1"]
[White "Rapport, R."]
[Black "Carlsen, M."]
[Result "1-0"]
[WhiteElo "2702"]
[BlackElo "2840"]
[PlyCount "65"]
[EventDate "2017.01.14"]

1. Nf3 d5 2. b3 Bf5 3. Bb2 e6 4. d3 h6 5. Nbd2 Nf6 6. c4 c6 7. g3 Be7 8. Bg2
O-O 9. O-O Nbd7 10. a3 a5 11. Qb1 Bh7 12. b4 axb4 13. axb4 Qb6 14. Bc3 Rxa1 15.
Qxa1 Bxb4 16. Bxb4 Qxb4 17. Rb1 Qd6 18. Rxb7 e5 19. d4 exd4 20. Nxd4 c5 21.
N4b3 d4 22. Bh3 d3 23. e3 Ne5 24. Bg2 Rc8 25. f4 Neg4 26. e4 Re8 27. e5 Nxe5
28. fxe5 Rxe5 29. Rb6 Qe7 30. Rb8+ Ne8 31. Bc6 Re1+ 32. Qxe1 Qxe1+ 33. Nf1 1-0

[Event "79th Tata Steel GpA"]
[Site "Wijk aan Zee NED"]
[Date "2017.01.21"]
[Round "7.1"]
[White "Carlsen, M."]
[Black "Giri, A."]
[Result "1/2-1/2"]
[WhiteElo "2840"]
[BlackElo "2773"]
[PlyCount "245"]
[EventDate "2017.01.14"]

1. d4 Nf6 2. Nf3 d5 3. e3 e6 4. Bd3 c5 5. c3 b6 6. O-O Bb7 7. Nbd2 Be7 8. b3
O-O 9. Bb2 Nbd7 10. Qe2 Bd6 11. c4 cxd4 12. exd4 Qe7 13. Ne5 Ba3 14. Bxa3 Qxa3
15. f4 Qb2 16. Nef3 dxc4 17. bxc4 Bxf3 18. Nxf3 Qxe2 19. Bxe2 Rac8 20. a4 Rc7
21. a5 Rd8 22. axb6 Nxb6 23. Rfc1 Nc8 24. g3 Ne7 25. Ra4 Nc6 26. c5 Nd5 27. Ne5
Nde7 28. Rcc4 Nxe5 29. fxe5 f6 30. exf6 gxf6 31. Bf3 e5 32. dxe5 fxe5 33. c6
Nf5 34. Ra5 Re8 35. Rcc5 Nd4 36. Be4 Kf7 37. Kg2 Kf6 38. Ra2 Ke6 39. Rca5 Ree7
40. Rf2 Rg7 41. h4 h5 42. Kh2 a6 43. Bd5+ Ke7 44. Rxa6 Kd6 45. Bg2 Rge7 46. Ra5
Nxc6 47. Rf6+ Re6 48. Rd5+ Ke7 49. Rf5 e4 50. Rxh5 e3 51. Rh7+ Ke8 52. Rxc7 e2
53. Bf3 e1=Q 54. Bh5+ Kf8 55. Rf5+ Kg8 56. Bf7+ Kh8 57. Rh5+ Kg7 58. Bxe6+ Kf6
59. Rh6+ Ke5 60. Bh3 Qd2+ 61. Bg2 Qxh6 62. Rxc6 Qh7 63. Rc4 Kf6 64. Rg4 Qd7 65.
Rg5 Qc7 66. Rb5 Qc2 67. Rb6+ Kg7 68. Re6 Qa2 69. Re7+ Kf6 70. Re4 Kg7 71. Kh3
Qf7 72. Re2 Qf5+ 73. Kh2 Qf6 74. Be4 Qf1 75. Rc2 Qe1 76. Bf3 Qf1 77. Bg2 Qe1
78. Rc7+ Kh8 79. Rc4 Qe2 80. Re4 Qd2 81. Re6 Qa2 82. Re8+ Kg7 83. Re7+ Kh8 84.
Re3 Qd2 85. Rf3 Qd7 86. Rb3 Qe6 87. Rb2 Qe5 88. Rf2 Qe6 89. Bf3 Qe5 90. Kg2 Qf6
91. Re2 Qd8 92. Ra2 Qf6 93. Rc2 Qe7 94. Rc6 Qd8 95. Rc2 Qe7 96. Rc8+ Kg7 97.
Rc6 Kh8 98. Rh6+ Kg7 99. Rh5 Qe1 100. Rd5 Qe7 101. Rb5 Qe1 102. Rb7+ Kh8 103.
Rd7 Qe8 104. Rd1 Qc8 105. Re1 Qc3 106. Rf1 Qd2+ 107. Kh3 Qd7+ 108. g4 Qd3 109.
Kg2 Qd2+ 110. Rf2 Qe1 111. h5 Kg7 112. Re2 Qa5 113. Re4 Kf6 114. Rf4+ Kg5 115.
Rf5+ Qxf5 116. gxf5 Kxf5 117. Kg3 Kg5 118. Bg4 Kh6 119. Kh4 Kg7 120. Kg5 Kh8
121. h6 Kh7 122. Be6 Kh8 123. Kg6 1/2-1/2

[Event "79th Tata Steel GpA"]
[Site "Wijk aan Zee NED"]
[Date "2017.01.20"]
[Round "6.1"]
[White "Aronian, L."]
[Black "Carlsen, M."]
[Result "1/2-1/2"]
[WhiteElo "2780"]
[BlackElo "2840"]
[PlyCount "60"]
[EventDate "2017.01.14"]

1. d4 d5 2. c4 c6 3. Nc3 Nf6 4. e3 a6 5. Nf3 Bf5 6. Be2 h6 7. Qb3 Ra7 8. cxd5
cxd5 9. Ne5 e6 10. Bd2 Be7 11. O-O O-O 12. Rfc1 Nfd7 13. Nxd7 Qxd7 14. Na4 Nc6
15. Qb6 Rfa8 16. Nc5 Qc8 17. a3 Bd6 18. g3 Bc7 19. Qb3 Qe8 20. Bf1 Rb8 21. Qc3
Bd8 22. Nxa6 bxa6 23. Qxc6 Qxc6 24. Rxc6 Rxb2 25. Be1 Be7 26. Rxa6 Rab7 27. Rc6
Rb1 28. Rc1 Rxc1 29. Rxc1 Bxa3 30. Ra1 Rb1 1/2-1/2

[Event "79th Tata Steel GpA"]
[Site "Wijk aan Zee NED"]
[Date "2017.01.19"]
[Round "5.1"]
[White "Nepomniachtchi, I."]
[Black "Carlsen, M."]
[Result "1/2-1/2"]
[WhiteElo "2767"]
[BlackElo "2840"]
[PlyCount "55"]
[EventDate "2017.01.14"]

1. c4 e5 2. Nc3 Bb4 3. Nd5 Bc5 4. Nf3 c6 5. Nc3 d6 6. e3 Qe7 7. d4 exd4 8. Nxd4
Nf6 9. Be2 O-O 10. O-O d5 11. cxd5 cxd5 12. Nb3 Bb4 13. Nxd5 Nxd5 14. Qxd5 Rd8
15. Qh5 Nc6 16. a3 Bd6 17. Nd4 Be5 18. Nxc6 bxc6 19. Bc4 g6 20. Qe2 Be6 21.
Bxe6 Qxe6 22. Rb1 Rab8 23. b4 c5 24. Bb2 Qa2 25. Rfe1 Bxb2 26. Qxb2 Qxb2 27.
Rxb2 a5 28. Kf1 1/2-1/2

[Event "79th Tata Steel GpA"]
[Site "Wijk aan Zee NED"]
[Date "2017.01.16"]
[Round "3.1"]
[White "Andreikin, D."]
[Black "Carlsen, M."]
[Result "1/2-1/2"]
[WhiteElo "2736"]
[BlackElo "2840"]
[PlyCount "53"]
[EventDate "2017.01.14"]

1. d4 Nf6 2. c4 e6 3. Nf3 d5 4. g3 Bb4+ 5. Bd2 Bd6 6. Bg2 O-O 7. O-O Nbd7 8.
Qc2 c6 9. Bf4 Bxf4 10. gxf4 b6 11. Ne5 Nxe5 12. fxe5 Ng4 13. Nd2 Ba6 14. cxd5
cxd5 15. Nf3 Nh6 16. Bh3 f5 17. Kh1 Kh8 18. Rg1 Nf7 19. Rg3 Rc8 20. Qd2 Qc7 21.
Ne1 Qe7 22. f4 Rc7 23. Ra3 Bb5 24. Rb3 Ba6 25. Ra3 Bb5 26. Rb3 Ba6 27. Ra3
1/2-1/2

[Event "79th Tata Steel GpA"]
[Site "Wijk aan Zee NED"]
[Date "2017.01.14"]
[Round "1.1"]
[White "So, W."]
[Black "Carlsen, M."]
[Result "1/2-1/2"]
[WhiteElo "2808"]
[BlackElo "2840"]
[PlyCount "65"]
[EventDate "2017.01.14"]

1. d4 d5 2. c4 c6 3. Nf3 Nf6 4. e3 Bf5 5. Nc3 a6 6. Ne5 Nbd7 7. Qb3 Qc7 8. cxd5
Nxe5 9. dxe5 Nxd5 10. Nxd5 cxd5 11. Bd2 Qxe5 12. Bc3 Qc7 13. Qxd5 e6 14. Qc4
Qxc4 15. Bxc4 Rc8 16. Bb3 Be7 17. Ke2 Be4 18. Bxg7 Rg8 19. Be5 Rxg2 20. Rac1
Rxc1 21. Rxc1 Rg5 22. Bf4 Rc5 23. Rxc5 Bxc5 24. Bc4 b5 25. Bd3 Bxd3+ 26. Kxd3
f5 27. f3 Kd7 28. e4 Kc6 29. h3 h5 30. b3 Bb6 31. Be5 Bc5 32. Bf4 Bb6 33. Be5
1/2-1/2

[Event "World Blitz 2016"]
[Site "Doha QAT"]
[Date "2016.12.30"]
[Round "19.1"]
[White "Carlsen, M."]
[Black "Onischuk, V."]
[Result "1-0"]
[WhiteElo "2840"]
[BlackElo "2601"]
[PlyCount "63"]
[EventDate "2016.12.29"]
[EventType "blitz"]

1. e4 d6 2. d4 Nf6 3. Nc3 g6 4. Be3 a6 5. h3 Bg7 6. f4 b5 7. e5 Nfd7 8. Nf3 Nb6
9. Bd3 Bb7 10. O-O e6 11. Be4 Bxe4 12. Nxe4 Nc6 13. Qe2 Qd7 14. Rad1 Nd5 15. c3
f5 16. exf6 Nxf6 17. Nxf6+ Bxf6 18. d5 Ne7 19. f5 exf5 20. Bh6 O-O-O 21. a4 Kb7
22. axb5 axb5 23. Bg5 Bxg5 24. Nxg5 Ra8 25. Ne6 Nc8 26. b3 Nb6 27. c4 Rhe8 28.
c5 Nxd5 29. Rxd5 Qxe6 30. Qxb5+ Kc8 31. cxd6 cxd6 32. Qc6+ 1-0

[Event "World Blitz 2016"]
[Site "Doha QAT"]
[Date "2016.12.30"]
[Round "20.1"]
[White "Carlsen, M."]
[Black "Anand, V."]
[Result "1-0"]
[WhiteElo "2840"]
[BlackElo "2779"]
[PlyCount "47"]
[EventDate "2016.12.29"]
[EventType "blitz"]

1. d4 Nf6 2. Bf4 d5 3. e3 c5 4. c3 Nc6 5. Nd2 e6 6. Ngf3 Bd6 7. Bg3 O-O 8. Bb5
a6 9. Bxc6 bxc6 10. Qa4 Rb8 11. Qa3 Bxg3 12. hxg3 cxd4 13. cxd4 a5 14. O-O Qb6
15. b3 Ba6 16. Rfc1 Nd7 17. Qd6 Qa7 18. Rxc6 Bb5 19. Rc7 Rb7 20. Rac1 a4 21.
Rxb7 Qxb7 22. Rc7 Qb8 23. Rxd7 Bxd7 24. Qxd7 1-0

[Event "World Blitz 2016"]
[Site "Doha QAT"]
[Date "2016.12.30"]
[Round "18.1"]
[White "Jobava, Ba"]
[Black "Carlsen, M."]
[Result "0-1"]
[WhiteElo "2702"]
[BlackElo "2840"]
[PlyCount "110"]
[EventDate "2016.12.29"]
[EventType "blitz"]

1. d4 d5 2. Nc3 Nf6 3. Bf4 a6 4. e3 e6 5. Nf3 c5 6. a3 b5 7. Bd3 Bb7 8. O-O
Nbd7 9. Re1 Be7 10. Ne5 O-O 11. Nxd7 Nxd7 12. Qh5 f5 13. h3 Rc8 14. Bh2 Qb6 15.
Rad1 Bd6 16. Bxd6 Qxd6 17. Qh4 Rce8 18. Bf1 e5 19. dxc5 Qxc5 20. Qb4 Rc8 21.
Nxd5 Bxd5 22. Qxc5 Rxc5 23. b4 Rxc2 24. Rxd5 Rf7 25. Red1 Nf6 26. Rxe5 g6 27.
Re6 Ne4 28. Rxa6 Nxf2 29. Re1 Rd7 30. Re2 Rxe2 31. Bxe2 Ne4 32. Bxb5 Rd1+ 33.
Kh2 Kg7 34. Bc6 Nd2 35. Kg3 Nc4 36. a4 Nxe3 37. a5 g5 38. Kf2 f4 39. Ke2 Rb1
40. b5 Rb2+ 41. Kd3 Nxg2 42. Bxg2 Rxg2 43. b6 Rb2 44. Ra7+ Kg6 45. b7 f3 46.
Ra6+ Kh5 47. Rf6 Rxb7 48. Rxf3 Rb3+ 49. Ke4 Rb4+ 50. Ke3 Ra4 51. Rf7 h6 52. Ra7
Ra3+ 53. Ke4 Rxh3 54. a6 Ra3 55. Ra8 Kg4 0-1

[Event "World Blitz 2016"]
[Site "Doha QAT"]
[Date "2016.12.30"]
[Round "15.1"]
[White "Carlsen, M."]
[Black "Grischuk, A."]
[Result "1/2-1/2"]
[WhiteElo "2840"]
[BlackElo "2737"]
[PlyCount "29"]
[EventDate "2016.12.29"]
[EventType "blitz"]

1. e4 c5 2. Nf3 d6 3. d4 cxd4 4. Nxd4 Nf6 5. f3 Nc6 6. Nc3 e5 7. Nb3 Be7 8. Be3
O-O 9. Qd2 a5 10. Bb5 Be6 11. O-O Na7 12. Be2 Nc8 13. Bb5 Na7 14. Be2 Nc8 15.
Bb5 1/2-1/2

[Event "World Blitz 2016"]
[Site "Doha QAT"]
[Date "2016.12.30"]
[Round "21.1"]
[White "Leko, P."]
[Black "Carlsen, M."]
[Result "1/2-1/2"]
[WhiteElo "2693"]
[BlackElo "2840"]
[PlyCount "83"]
[EventDate "2016.12.29"]
[EventType "blitz"]

1. e4 e5 2. Nf3 Nc6 3. Bc4 Bc5 4. O-O Nf6 5. d3 a6 6. c3 d6 7. Re1 Ba7 8. Bb3
O-O 9. h3 Ne7 10. Nbd2 Ng6 11. Nf1 c6 12. Ng3 d5 13. exd5 Nxd5 14. d4 exd4 15.
Nxd4 h6 16. Bc2 Re8 17. Rxe8+ Qxe8 18. Bb3 Qe5 19. Kh2 Ngf4 20. Bd2 Bd7 21. Qf3
Ne6 22. Nxe6 Bxe6 23. Re1 Qd6 24. Kg1 Nf6 25. Bf4 Qe7 26. Bxe6 fxe6 27. Be3
Bxe3 28. Qxe3 Re8 29. Qe5 Qd7 30. Ne4 Nxe4 31. Qxe4 Qd5 32. a3 Kf7 33. Qf4+ Qf5
34. Qc7+ Re7 35. Qd6 Qc2 36. Qf4+ Kg8 37. Qb4 Rf7 38. Qb6 Qd2 39. Rxe6 Qc1+ 40.
Kh2 Qf4+ 41. Kg1 Qc1+ 42. Kh2 1/2-1/2

[Event "World Blitz 2016"]
[Site "Doha QAT"]
[Date "2016.12.29"]
[Round "6.1"]
[White "Melkumyan, H."]
[Black "Carlsen, M."]
[Result "0-1"]
[WhiteElo "2633"]
[BlackElo "2840"]
[PlyCount "122"]
[EventDate "2016.12.29"]
[EventType "blitz"]

1. d4 e6 2. e4 d5 3. Nd2 h6 4. Ngf3 Nf6 5. Bd3 c5 6. c3 Nc6 7. O-O cxd4 8. cxd4
dxe4 9. Nxe4 Be7 10. Re1 O-O 11. Be3 Nd5 12. a3 b6 13. Rc1 Bb7 14. Bb1 Rc8 15.
Qd3 f5 16. Nc3 Bf6 17. Ba2 Nce7 18. Bd2 Qd7 19. Ne5 Bxe5 20. Rxe5 Rf6 21. Rce1
Ng6 22. Nxd5 Bxd5 23. Bxd5 Nxe5 24. dxe5 Rf7 25. Bc4 Rxc4 26. Qxc4 Qxd2 27. Rf1
Re7 28. b4 Kf7 29. g3 Rd7 30. Rc1 Qb2 31. Qc6 Re7 32. Qc3 Qe2 33. Re1 Qb5 34.
Rd1 Qe2 35. Re1 Qa2 36. Rd1 Qe2 37. Re1 Qh5 38. Qc6 Qg4 39. Kg2 Qd4 40. Re3 Rd7
41. h4 Ke7 42. Qf3 Rc7 43. Qh5 Qd5+ 44. Qf3 Qd4 45. Qa8 Kf7 46. Qf3 Rc2 47.
Qh5+ Kf8 48. Qf3 Kg8 49. Re2 Rc3 50. Re3 Rxe3 51. Qxe3 Qxe3 52. fxe3 Kf7 53.
Kf3 Kg6 54. e4 fxe4+ 55. Kxe4 Kh5 56. Kf3 b5 57. Kf4 g6 58. Kf3 g5 59. hxg5
hxg5 60. Kf2 Kg4 61. Kg2 Kf5 0-1

[Event "World Blitz 2016"]
[Site "Doha QAT"]
[Date "2016.12.29"]
[Round "7.1"]
[White "Adly, A."]
[Black "Carlsen, M."]
[Result "0-1"]
[WhiteElo "2599"]
[BlackElo "2840"]
[PlyCount "94"]
[EventDate "2016.12.29"]
[EventType "blitz"]

1. d4 Nf6 2. c4 e6 3. Nc3 Bb4 4. e3 O-O 5. Nge2 d5 6. a3 Be7 7. cxd5 exd5 8. g3
Re8 9. Bg2 a5 10. O-O Na6 11. Nf4 c6 12. b3 Nc7 13. Ra2 Bd6 14. f3 c5 15. Nce2
b6 16. g4 Ba6 17. Rf2 c4 18. bxc4 Bxc4 19. Ra1 b5 20. g5 Nd7 21. h4 b4 22. axb4
axb4 23. Rxa8 Qxa8 24. Ng3 g6 25. e4 Qa1 26. Qd2 b3 27. Kh2 Bxf4 28. Qxf4 Ne6
29. Qd2 Qxd4 30. Qe1 Ndc5 31. Bb2 Nd3 32. Bxd4 Nxe1 33. Bf6 d4 34. Bf1 Bxf1 35.
Nxf1 Rc8 36. Kg3 Rc2 37. Nd2 Nd3 38. Rh2 b2 39. Nb1 Rc1 40. Na3 Ra1 41. Rc2
Nec5 42. Bxd4 Rxa3 43. Bxb2 Ra2 44. Rc4 Rxb2 45. Rd4 Rb3 46. h5 gxh5 47. f4
Nxf4+ 0-1

[Event "World Blitz 2016"]
[Site "Doha QAT"]
[Date "2016.12.29"]
[Round "1.1"]
[White "Carlsen, M."]
[Black "Bu Xiangzhi"]
[Result "1-0"]
[WhiteElo "2840"]
[BlackElo "2705"]
[PlyCount "89"]
[EventDate "2016.12.29"]
[EventType "blitz"]

1. e4 e5 2. Nf3 Nf6 3. Nxe5 d6 4. Nf3 Nxe4 5. d3 Nf6 6. d4 Be7 7. Bd3 O-O 8.
O-O Re8 9. h3 Nbd7 10. c4 Nf8 11. Nc3 Ng6 12. Re1 c6 13. Qc2 Bd7 14. Bg5 Nh5
15. Bxe7 Rxe7 16. Rxe7 Qxe7 17. Re1 Qd8 18. Qb3 Nhf4 19. Bxg6 hxg6 20. Ne4 Qc7
21. Qe3 Ne6 22. d5 cxd5 23. cxd5 Nc5 24. Nxc5 Qxc5 25. Qe7 Bb5 26. Qxb7 Re8 27.
Rxe8+ Bxe8 28. Qe7 Qc1+ 29. Kh2 Qf4+ 30. Kh1 Qc1+ 31. Ng1 Bb5 32. Qxd6 Kh7 33.
Qb4 a6 34. Kh2 Qg5 35. Qd4 Qf5 36. Nf3 f6 37. d6 Bc6 38. Qh4+ Kg8 39. Qc4+ Bd5
40. Qd4 Kf7 41. Qa7+ Kg8 42. d7 Qf4+ 43. Kh1 Bxf3 44. d8=Q+ Kh7 45. Qe3 1-0

[Event "World Blitz 2016"]
[Site "Doha QAT"]
[Date "2016.12.29"]
[Round "4.1"]
[White "Dominguez Perez, L."]
[Black "Carlsen, M."]
[Result "1/2-1/2"]
[WhiteElo "2739"]
[BlackElo "2840"]
[PlyCount "75"]
[EventDate "2016.12.29"]
[EventType "blitz"]

1. e4 e5 2. Nf3 Nc6 3. Bb5 a6 4. Ba4 Nf6 5. O-O Be7 6. Re1 b5 7. Bb3 O-O 8. a4
b4 9. d4 d6 10. dxe5 Nxe5 11. Nxe5 dxe5 12. Qxd8 Rxd8 13. Nd2 Bd6 14. Nc4 Be6
15. Bg5 h6 16. Bxf6 gxf6 17. Na5 c5 18. Bxe6 fxe6 19. Nb7 Rd7 20. Rad1 Rxb7 21.
Rxd6 Kf7 22. Rc6 b3 23. Rxc5 bxc2 24. Rxc2 Rab8 25. Rc6 a5 26. Ra6 Rxb2 27.
Rxa5 Re2 28. Kf1 Ra2 29. Rb5 Rc8 30. Rb7+ Kg6 31. Rb3 Rcc2 32. Rg3+ Kf7 33. Rf3
Rxa4 34. g3 Rcc4 35. Rfe3 Rd4 36. Kg2 Kg6 37. R3e2 h5 38. h4 1/2-1/2

[Event "World Blitz 2016"]
[Site "Doha QAT"]
[Date "2016.12.29"]
[Round "3.1"]
[White "Carlsen, M."]
[Black "Salem, AR."]
[Result "1-0"]
[WhiteElo "2840"]
[BlackElo "2656"]
[PlyCount "48"]
[EventDate "2016.12.29"]
[EventType "blitz"]

1. d4 Nf6 2. Nf3 g6 3. Nc3 d5 4. Bf4 Bg7 5. e3 O-O 6. Be2 c6 7. h3 Bf5 8. Ne5
Nbd7 9. g4 Be6 10. f3 c5 11. Qd2 Rc8 12. O-O-O a6 13. h4 h5 14. Nxd7 Qxd7 15.
gxh5 Nxh5 16. Be5 cxd4 17. Bxd4 b5 18. a3 Rc6 19. Rhg1 Rfc8 20. f4 Bxd4 21.
Qxd4 Ng7 22. h5 Bf5 23. hxg6 Rxg6 24. e4 Be6 1-0

[Event "World Blitz 2016"]
[Site "Doha QAT"]
[Date "2016.12.29"]
[Round "5.1"]
[White "Carlsen, M."]
[Black "Karjakin, Sergey"]
[Result "0-1"]
[WhiteElo "2840"]
[BlackElo "2785"]
[PlyCount "194"]
[EventDate "2016.12.29"]
[EventType "blitz"]

1. Nf3 Nf6 2. g3 c5 3. Bg2 Nc6 4. O-O e5 5. d3 d5 6. Bg5 Be7 7. Nfd2 Ng8 8.
Bxe7 Ngxe7 9. c4 Be6 10. Nc3 O-O 11. a3 Rc8 12. b4 cxb4 13. axb4 Nxb4 14. Rxa7
dxc4 15. Nxc4 Bxc4 16. dxc4 Rxc4 17. Qb3 Qd4 18. Nb5 Qc5 19. Rxb7 Nec6 20. e3
Na5 21. Qxc4 Qxc4 22. Nd6 Qe6 23. Rxb4 Qxd6 24. Rb5 Nc4 25. Rc1 Nb6 26. Rbc5 g6
27. h4 Kg7 28. Rc7 Rd8 29. R7c6 Qd2 30. R6c2 Qb4 31. Bf3 Rd2 32. Kg2 Rxc2 33.
Rxc2 Nc4 34. Bd5 Nd6 35. Rc6 Kf6 36. Kg1 Ke7 37. Rc7+ Kd8 38. Rc6 Kd7 39. Ra6
Qc5 40. Bf3 e4 41. Be2 Nf5 42. Kg2 Ke7 43. Ra4 Qd5 44. Kg1 Kf8 45. Bf1 Nd6 46.
Rd4 Qe5 47. Bg2 f5 48. Bf1 h6 49. Ra4 g5 50. hxg5 hxg5 51. Bg2 f4 52. gxf4 gxf4
53. exf4 Qxf4 54. Rd4 Qe5 55. Rd1 e3 56. fxe3 Qxe3+ 57. Kh1 Ke7 58. Rf1 Qe5 59.
Rf3 Nf5 60. Kg1 Nh4 61. Rf2 Qe1+ 62. Bf1 Qe3 63. Bg2 Nf5 64. Bf3 Nd4 65. Kg2
Kd6 66. Bg4 Qe4+ 67. Kg3 Ke5 68. Kh3 Qh1+ 69. Kg3 Qg1+ 70. Rg2 Qe3+ 71. Kh2 Kf4
72. Bd1 Nf3+ 73. Bxf3 Qxf3 74. Kg1 Qd1+ 75. Kf2 Qd4+ 76. Ke2 Qe4+ 77. Kf1 Kf3
78. Rf2+ Kg3 79. Rd2 Kf3 80. Rf2+ Kg3 81. Rd2 Qb1+ 82. Ke2 Qe4+ 83. Kf1 Qc4+
84. Ke1 Kf3 85. Kd1 Ke3 86. Rb2 Qa4+ 87. Kc1 Kd3 88. Kb1 Qd1+ 89. Ka2 Kc3 90.
Rh2 Qa4+ 91. Kb1 Qb5+ 92. Ka1 Qf1+ 93. Ka2 Qf7+ 94. Kb1 Qg6+ 95. Ka2 Qa6+ 96.
Kb1 Qb6+ 97. Ka2 Qa7+ 0-1

[Event "World Blitz 2016"]
[Site "Doha QAT"]
[Date "2016.12.29"]
[Round "12.1"]
[White "Carlsen, M."]
[Black "Bosiocic, Mari"]
[Result "1-0"]
[WhiteElo "2840"]
[BlackElo "2591"]
[PlyCount "49"]
[EventDate "2016.12.29"]
[EventType "blitz"]

1. d4 d5 2. Bf4 Nf6 3. e3 c5 4. c3 Nc6 5. Nd2 e6 6. Ngf3 Bd6 7. Bg3 O-O 8. Bb5
Ne7 9. Bd3 b6 10. e4 dxe4 11. Nxe4 Nxe4 12. Bxe4 Rb8 13. dxc5 Bxg3 14. hxg3 f5
15. Qxd8 Rxd8 16. c6 Nd5 17. Bxd5 Rxd5 18. Rd1 Rxd1+ 19. Kxd1 Ba6 20. Ne5 Rc8
21. c4 b5 22. b4 bxc4 23. a4 Rd8+ 24. Kc2 Rd5 25. f4 1-0

[Event "World Blitz 2016"]
[Site "Doha QAT"]
[Date "2016.12.29"]
[Round "9.1"]
[White "Riazantsev, A."]
[Black "Carlsen, M."]
[Result "0-1"]
[WhiteElo "2671"]
[BlackElo "2840"]
[PlyCount "130"]
[EventDate "2016.12.29"]
[EventType "blitz"]

1. d4 d5 2. c4 c6 3. Nc3 Nf6 4. e3 a6 5. Nf3 Bf5 6. Qb3 Ra7 7. Nh4 Bc8 8. a4 e6
9. a5 c5 10. Nf3 Nc6 11. cxd5 exd5 12. Qb6 Ra8 13. dxc5 Qxb6 14. cxb6 Bb4 15.
Bd2 Bxa5 16. Na4 Bxd2+ 17. Nxd2 d4 18. Nc4 Ke7 19. Be2 Rd8 20. O-O Be6 21. b3
dxe3 22. fxe3 Rab8 23. Nc5 Rd5 24. Nxe6 fxe6 25. Bf3 Rc5 26. Rfd1 Nd5 27. Rac1
Rd8 28. Kf2 Rb5 29. Rd3 Ncb4 30. Rd2 Nc6 31. Rd3 Rd7 32. Rcd1 Nxb6 33. Bxc6
Rxd3 34. Rxd3 bxc6 35. Nxb6 Rxb6 36. Ke2 Rb5 37. Rc3 Kd6 38. Kf3 a5 39. Ke4
Rb4+ 40. Kd3 c5 41. Kc2 Kc6 42. Rd3 c4 43. bxc4 Rxc4+ 44. Kb3 Rb4+ 45. Kc3 Rb8
46. Rd4 Rb5 47. Rg4 g5 48. h4 h6 49. hxg5 hxg5 50. Rd4 Rc5+ 51. Kb3 Re5 52. e4
Rb5+ 53. Kc3 Rb4 54. Rxb4 axb4+ 55. Kxb4 Kd6 56. Kc4 Ke5 57. Kd3 Kf4 58. Kd4 g4
59. e5 Kg3 60. Kc5 Kxg2 61. Kd6 Kf3 62. Kxe6 g3 63. Kf7 g2 64. e6 g1=Q 65. e7
Qa7 0-1

[Event "World Blitz 2016"]
[Site "Doha QAT"]
[Date "2016.12.29"]
[Round "11.1"]
[White "Yu Yangyi"]
[Black "Carlsen, M."]
[Result "1/2-1/2"]
[WhiteElo "2729"]
[BlackElo "2840"]
[PlyCount "65"]
[EventDate "2016.12.29"]
[EventType "blitz"]

1. e4 e5 2. Nf3 Nc6 3. Bb5 a6 4. Ba4 Nf6 5. O-O Be7 6. Re1 b5 7. Bb3 O-O 8. c3
d5 9. exd5 Nxd5 10. Nxe5 Nxe5 11. Rxe5 c6 12. d3 Bd6 13. Re1 Bf5 14. Nd2 Nf4
15. Ne4 Nxd3 16. Re3 Bxe4 17. Rxe4 Nxc1 18. Rxc1 Qf6 19. g3 Rfe8 20. Qe2 Rxe4
21. Qxe4 Bc5 22. Rf1 g6 23. Kg2 Rd8 24. Qe2 Qf5 25. Rd1 Rxd1 26. Bxd1 Qd5+ 27.
Qf3 Qxa2 28. Qxc6 Bf8 29. b4 Qc4 30. Qxc4 bxc4 31. Be2 Bg7 32. Bxc4 Bxc3 33.
Bxa6 1/2-1/2

[Event "World Blitz 2016"]
[Site "Doha QAT"]
[Date "2016.12.29"]
[Round "2.1"]
[White "Vallejo Pons, F."]
[Black "Carlsen, M."]
[Result "0-1"]
[WhiteElo "2711"]
[BlackElo "2840"]
[PlyCount "73"]
[EventDate "2016.12.29"]
[EventType "blitz"]

1. d4 d5 2. c4 c6 3. cxd5 cxd5 4. Nc3 Nf6 5. Bf4 Nc6 6. e3 a6 7. Be2 e6 8. Nf3
Be7 9. h3 O-O 10. Rc1 Bd7 11. O-O Rc8 12. Bd3 b5 13. a4 b4 14. Nb1 Na5 15. Rxc8
Qxc8 16. Ne5 Nc4 17. Qe2 Bxa4 18. Nxc4 dxc4 19. Bxc4 a5 20. Nd2 Bc6 21. b3 Qb7
22. Nf3 Nd5 23. Ra1 Ra8 24. Ne5 Nxf4 25. exf4 Bd5 26. f5 exf5 27. Bxd5 Qxd5 28.
Qc4 Qxc4 29. Nxc4 Bf6 30. Rxa5 Rxa5 31. Nxa5 Bxd4 32. Nc6 Bc5 33. Kf1 Kf8 34.
Ne5 Ke7 35. Ke2 Ke6 36. Nc4 Kd5 37. f3 0-1

[Event "chess.com Blitz Final 5m+2spm 2016"]
[Site "chess.com INT"]
[Date "2016.10.27"]
[Round "7"]
[White "Nakamura, Hi"]
[Black "Carlsen, M."]
[Result "0-1"]
[WhiteElo "2787"]
[BlackElo "2853"]
[PlyCount "107"]
[EventDate "2016.10.27"]
[EventType "blitz"]

1. d4 Nf6 2. c4 e6 3. Nc3 Bb4 4. e3 O-O 5. Nge2 Re8 6. a3 Bf8 7. g3 d5 8. cxd5
exd5 9. Bg2 a5 10. O-O Na6 11. Nf4 c6 12. f3 c5 13. Kh1 Nc7 14. g4 h6 15. Nce2
b6 16. Bd2 Bd6 17. Ng3 a4 18. Rc1 Nb5 19. dxc5 bxc5 20. Qc2 Bxf4 21. exf4 Nd4
22. Qb1 Nb3 23. Rcd1 Ba6 24. Rg1 Be2 25. Nxe2 Rxe2 26. Be1 d4 27. Bf1 Re3 28.
Bc4 Ne8 29. g5 hxg5 30. Rxg5 Nd6 31. Bh4 Nxc4 32. Rxg7+ Kxg7 33. Bxd8 Rxd8 34.
Qf5 Rd6 35. Rg1+ Rg6 36. Rxg6+ fxg6 37. Qd7+ Kf6 38. Qd8+ Ke6 39. Qg8+ Kd6 40.
Qxc4 d3 41. Qa6+ Ke7 42. Qb7+ Kf6 43. Qc6+ Re6 44. Qc8 Re1+ 45. Kg2 d2 46. Qf8+
Ke6 47. Qg8+ Kd7 48. Qd5+ Kc7 49. Qf7+ Kb6 50. Qxg6+ Ka5 51. Qc6 d1=Q 52. Qc7+
Kb5 53. Qb7+ Kc4 54. Qf7+ 0-1